[Event "CZE-chT2F 1213"]
[Site "Czech Republic"]
[Date "2013.02.03"]
[Round "8.38"]
[White "Vaclavik, David"]
[Black "Premus, Jan"]
[Result "1/2-1/2"]
[WhiteElo "2021"]
[BlackElo "2058"]
[PlyCount "65"]
[EventDate "2012.10.14"]
[EventType "team-tourn"]
[EventRounds "11"]
[EventCountry "CZE"]
[SourceTitle "EXT 2016"]
[Source "ChessBase"]
[SourceDate "2015.10.08"]
[SourceVersion "1"]
[SourceVersionDate "2015.10.08"]
[SourceQuality "1"]
[WhiteTeam "Poruba VOKD"]
[BlackTeam "Opava KVS"]
[WhiteTeamCountry "CZE"]
[BlackTeamCountry "CZE"]

1. e4 c5 2. Nf3 d6 3. d4 cxd4 4. c3 dxc3 5. Nxc3 Nf6 6. Bc4 e6 7. 0-0 Be7 8. Qe2 Nc6 9. Rd1 e5 10. Bg5 0-0 11. Bxf6 Bxf6 12. Nb5 Be7 13. Rd3 Bg4 14. Qd2 Rc8 15. Nxd6 Bxd6 16. Rxd6 Qe7 17. Rd3 Nb4 18. Rc3 Bxf3 19. gxf3 Rfd8 20. Qe3 Rc6 21. Rac1 Rg6+ 22. Kf1 Nc6 23. Bd5 Qh4 24. Bxc6 bxc6 25. Rxc6 Rxc6 26. Rxc6 Qxh2 27. Ke2 h5 28. Rc7 h4 29. Qg5 Rd6 30. Rc8+ Kh7 31. Qf5+ Rg6 32. Qh5+ Rh6 33. Qf5+ 1/2-1/2

[Event "CZE-chT2F 1213"]
[Site "Czech Republic"]
[Date "2012.12.02"]
[Round "4.57"]
[White "Premus, Jan"]
[Black "Splichal, Stanislav"]
[Result "0-1"]
[WhiteElo "2058"]
[BlackElo "2106"]
[PlyCount "86"]
[EventDate "2012.10.14"]
[EventType "team-tourn"]
[EventRounds "11"]
[EventCountry "CZE"]
[SourceTitle "EXT 2016"]
[Source "ChessBase"]
[SourceDate "2015.10.08"]
[SourceVersion "1"]
[SourceVersionDate "2015.10.08"]
[SourceQuality "1"]
[WhiteTeam "Opava KVS"]
[BlackTeam "Ostrava TJ Nova Hut"]
[WhiteTeamCountry "CZE"]
[BlackTeamCountry "CZE"]

1. d4 Nf6 2. c4 g6 3. Nc3 Bg7 4. e4 d6 5. Nf3 0-0 6. Be2 Na6 7. 0-0 e5 8. d5 Nc5 9. Qc2 a5 10. b3 Bd7 11. a3 Qe8 12. Bd2 a4 13. b4 Nb3 14. Rab1 Nh5 15. c5 f5 16. Bc4 Nd4 17. Nxd4 exd4 18. c6 dxc3 19. cxd7 Qxd7 20. Bxc3 Bxc3 21. Qxc3 fxe4 22. Rbe1 Rae8 23. Qc2 Nf6 24. Re2 Re7 25. b5 Qg4 26. f3 Qg5 27. fxe4 Ng4 28. Rxf8+ Kxf8 29. h3 Ne5 30. Rf2+ Rf7 31. Rxf7+ Kxf7 32. Qf2+ Kg7 33. Bf1 Qc1 34. b6 cxb6 35. Qxb6 Qxa3 36. Qxb7+ Nf7 37. Qa7 Qc5+ 38. Qxc5 dxc5 39. Bd3 Kf6 40. Kf2 a3 41. Bb1 Ke5 42. Ke3 Nd6 43. Kf3 Nxe4 0-1

[Event "CZE-chT2F 1112"]
[Site "Czech Republic"]
[Date "2012.01.08"]
[Round "5.67"]
[White "Miturova, Magdalena"]
[Black "Premus, Jan"]
[Result "1-0"]
[WhiteElo "2042"]
[BlackElo "2061"]
[PlyCount "57"]
[EventDate "2011.10.09"]
[EventType "team-tourn"]
[EventRounds "11"]
[EventCountry "CZE"]
[SourceTitle "EXT 2013"]
[Source "ChessBase"]
[SourceDate "2012.11.22"]
[SourceVersion "1"]
[SourceVersionDate "2012.11.22"]
[SourceQuality "1"]
[WhiteTeam "Frydek Mistek II"]
[BlackTeam "Opava KVS"]
[WhiteTeamCountry "CZE"]
[BlackTeamCountry "CZE"]

1. e4 c5 2. Nf3 d6 3. d4 cxd4 4. Nxd4 Nf6 5. Nc3 g6 6. Be3 Bg7 7. f3 0-0 8. Qd2 Nc6 9. 0-0-0 d5 10. exd5 Nxd5 11. Nxc6 bxc6 12. Bd4 Nxc3 13. Qxc3 Bh6+ 14. Be3 Bxe3+ 15. Qxe3 Qb6 16. Qxe7 Be6 17. Qa3 Rfd8 18. Bd3 Rd5 19. Be4 Ra5 20. Qc3 Rxa2 21. b3 Rc8 22. Rd6 Ra5 23. Rhd1 Rc5 24. Qf6 Rd5 25. Bxd5 Qe3+ 26. Kb2 cxd5 27. Rd3 Qf2 28. Rc3 Re8 29. Rxe6 1-0

[Event "CZE-chT2F 1112"]
[Site "Czech Republic"]
[Date "2011.12.04"]
[Round "4.27"]
[White "Premus, Jan"]
[Black "Carbol, Otmar"]
[Result "1-0"]
[WhiteElo "2061"]
[BlackElo "1685"]
[PlyCount "73"]
[EventDate "2011.10.09"]
[EventType "team-tourn"]
[EventRounds "11"]
[EventCountry "CZE"]
[SourceTitle "EXT 2013"]
[Source "ChessBase"]
[SourceDate "2012.11.22"]
[SourceVersion "1"]
[SourceVersionDate "2012.11.22"]
[SourceQuality "1"]
[WhiteTeam "Opava KVS"]
[BlackTeam "Dobra"]
[WhiteTeamCountry "CZE"]
[BlackTeamCountry "CZE"]

1. e4 d6 2. d4 Nf6 3. Nc3 g6 4. Be3 Bg7 5. Qd2 0-0 6. f3 Nbd7 7. 0-0-0 e5 8. d5 Ne8 9. g4 f6 10. h4 b6 11. Qh2 Nc5 12. Bb5 a6 13. Bc6 Ra7 14. a4 Bd7 15. b4 Bxc6 16. bxc5 Bd7 17. h5 Kf7 18. cxb6 Rb7 19. a5 Qc8 20. h6 Bh8 21. Kd2 cxb6 22. axb6 Nc7 23. bxc7 Rxc7 24. Nge2 Bb5 25. Rc1 Bc4 26. Bb6 Rb7 27. Rb1 Qd7 28. Ba5 Rfb8 29. Rxb7 Rxb7 30. Qf2 g5 31. Bb6 Kg6 32. Ng3 a5 33. Bxa5 Ra7 34. Qb6 Rb7 35. Qd8 Ra7 36. Qxh8 Rxa5 37. Qg8+ 1-0

[Event "Liptovsky Mikulas CupT U20"]
[Site "Liptovsky Mikulas"]
[Date "2011.06.27"]
[Round "6"]
[White "Premus, Jan"]
[Black "Tamas, Kornel"]
[Result "1-0"]
[WhiteElo "2066"]
[BlackElo "1885"]
[PlyCount "35"]
[EventDate "2011.06.24"]
[EventType "team-tourn"]
[EventRounds "9"]
[EventCountry "SVK"]
[SourceTitle "CBM 143 Extra"]
[Source "ChessBase"]
[SourceDate "2011.08.29"]
[SourceVersion "1"]
[SourceVersionDate "2011.08.29"]
[SourceQuality "1"]
[WhiteTeam "Opava Slezan"]
[BlackTeam "Bekescsaba U20"]
[WhiteTeamCountry "CZE"]
[BlackTeamCountry "HUN"]

1. e4 c5 2. Nc3 d6 3. f4 g6 4. Nf3 Bg7 5. Bc4 e6 6. 0-0 Ne7 7. Qe1 Nbc6 8. d3 0-0 9. f5 exf5 10. Qh4 h5 11. Bg5 Qd7 12. Bf6 fxe4 13. dxe4 Qe8 14. Nb5 Qd7 15. Rad1 Bxf6 16. Qxf6 Na5 17. Rxd6 Qg4 18. Bxf7+ 1-0

[Event "Liptovsky Mikulas CupT U20"]
[Site "Liptovsky Mikulas"]
[Date "2011.06.26"]
[Round "4"]
[White "Premus, Jan"]
[Black "Danada, Tomas"]
[Result "1-0"]
[WhiteElo "2066"]
[BlackElo "1932"]
[PlyCount "67"]
[EventDate "2011.06.24"]
[EventType "team-tourn"]
[EventRounds "9"]
[EventCountry "SVK"]
[SourceTitle "CBM 143 Extra"]
[Source "ChessBase"]
[SourceDate "2011.08.29"]
[SourceVersion "1"]
[SourceVersionDate "2011.08.29"]
[SourceQuality "1"]
[WhiteTeam "Opava Slezan"]
[BlackTeam "V4 International"]
[WhiteTeamCountry "CZE"]

1. e4 e6 2. Nf3 d5 3. e5 c5 4. d4 Nc6 5. Bd3 cxd4 6. 0-0 Nge7 7. Bf4 Qb6 8. Nbd2 Qxb2 9. Rb1 Qxa2 10. Ra1 Qb2 11. Nb3 a5 12. Bc1 Qc3 13. Bd2 Qb2 14. Qe2 a4 15. Rfb1 axb3 16. Rxb2 Rxa1+ 17. Be1 Ng6 18. cxb3 Nf4 19. Qd2 Nxd3 20. Qxd3 Nxe5 21. Qe2 Nxf3+ 22. gxf3 Be7 23. Ra2 Rxa2 24. Qxa2 0-0 25. Qa4 e5 26. Qb5 Be6 27. Qxb7 Bf6 28. b4 h6 29. b5 Rc8 30. b6 Rc1 31. Qa8+ Kh7 32. b7 Bh3 33. Qa5 Rb1 34. Qb4 1-0

[Event "Ostrava Konik op-B"]
[Site "Ostrava"]
[Date "2011.05.03"]
[Round "4"]
[White "Melzer, Patrik"]
[Black "Premus, Jan"]
[Result "1/2-1/2"]
[WhiteElo "1872"]
[BlackElo "1976"]
[PlyCount "128"]
[EventDate "2011.04.30"]
[EventType "swiss"]
[EventRounds "9"]
[EventCountry "CZE"]
[SourceTitle "CBM 142 Extra"]
[Source "ChessBase"]
[SourceDate "2011.06.27"]
[SourceVersion "1"]
[SourceVersionDate "2011.06.27"]
[SourceQuality "1"]

1. d4 Nf6 2. Nf3 e6 3. c4 c5 4. d5 b5 5. dxe6 fxe6 6. cxb5 d5 7. Bg5 Be7 8. e3 Nbd7 9. Nc3 0-0 10. Be2 Bb7 11. 0-0 Qe8 12. a4 Bd6 13. Qd2 Bc7 14. a5 Rc8 15. Rfd1 e5 16. Bxf6 Nxf6 17. a6 Ba8 18. Rac1 d4 19. exd4 exd4 20. Na4 Ne4 21. Qd3 Bf4 22. Rc2 Qh5 23. b6 Ng5 24. b7 Nxf3+ 25. Bxf3 Qxh2+ 26. Kf1 Bxb7 27. axb7 Qh1+ 28. Ke2 Rce8+ 29. Be4 Qxg2 30. Nxc5 Bd6 31. Rf1 Bxc5 32. Rxc5 Qxe4+ 33. Qxe4 Rxe4+ 34. Kd3 Re7 35. Rb5 Rb8 36. Kxd4 Rexb7 37. Rxb7 Rxb7 38. Kc3 g5 39. Rg1 h6 40. f4 Rg7 41. fxg5 hxg5 42. Kd4 Kf7 43. Ke4 Kf6 44. Kf3 Kf5 45. Kg3 Rb7 46. Rf1+ Kg6 47. Ra1 Kf5 48. Ra5+ Ke4 49. Rxg5 Rxb2 50. Ra5 Rb7 51. Kf2 Kd3 52. Ke1 Kc2 53. Ra2+ Kb3 54. Ra1 Rd7 55. Ra6 Kb4 56. Ke2 Kb5 57. Ra2 a5 58. Rd2 Rc7 59. Kd1 Kb4 60. Rc2 Rh7 61. Kc1 Kb3 62. Kb1 Rh1+ 63. Rc1 Rh2 64. Rg1 a4 1/2-1/2

[Event "Ostrava Konik op-B"]
[Site "Ostrava"]
[Date "2011.05.02"]
[Round "3"]
[White "Skockova, Katerina"]
[Black "Premus, Jan"]
[Result "0-1"]
[WhiteElo "1848"]
[BlackElo "1976"]
[PlyCount "66"]
[EventDate "2011.04.30"]
[EventType "swiss"]
[EventRounds "9"]
[EventCountry "CZE"]
[SourceTitle "CBM 142 Extra"]
[Source "ChessBase"]
[SourceDate "2011.06.27"]
[SourceVersion "1"]
[SourceVersionDate "2011.06.27"]
[SourceQuality "1"]

1. e4 c5 2. Nf3 d6 3. d4 cxd4 4. Nxd4 Nf6 5. Nc3 g6 6. Be2 Bg7 7. Be3 Nc6 8. Qd2 0-0 9. f3 d5 10. exd5 Nxd5 11. Nxd5 Qxd5 12. Nxc6 Qxc6 13. c3 Bf5 14. Rd1 Qa4 15. b3 Qa5 16. Bd4 Rfd8 17. f4 Rd6 18. 0-0 Rad8 19. Qb2 Bxd4+ 20. cxd4 Qb6 21. Bc4 Rxd4 22. Rxd4 Rxd4 23. Qf2 Rxf4 24. Qxb6 Rxf1+ 25. Kxf1 axb6 26. Bd5 Bc8 27. Ke2 e6 28. Bf3 Kf8 29. Kd3 Ke7 30. Kc4 Kd6 31. Kb5 Kc7 32. a4 Bd7+ 33. Kc4 Bc6 0-1

[Event "CZE-chT2F 1011"]
[Site "Czech Republic"]
[Date "2011.01.23"]
[Round "6.6"]
[White "Filipik, Jaroslav"]
[Black "Premus, Jan"]
[Result "0-1"]
[WhiteElo "2077"]
[BlackElo "1976"]
[PlyCount "40"]
[EventDate "2010.10.17"]
[EventType "team-tourn"]
[EventRounds "11"]
[EventCountry "CZE"]
[SourceTitle "EXT 2012"]
[Source "ChessBase"]
[SourceDate "2011.11.24"]
[SourceVersion "1"]
[SourceVersionDate "2011.11.24"]
[SourceQuality "1"]
[WhiteTeam "Unicov"]
[BlackTeam "Opava"]
[WhiteTeamCountry "CZE"]
[BlackTeamCountry "CZE"]

1. d4 Nf6 2. c4 g6 3. Nc3 d5 4. cxd5 Nxd5 5. e4 Nxc3 6. bxc3 Bg7 7. Bc4 c5 8. Ne2 Nc6 9. Be3 0-0 10. 0-0 Qc7 11. Qc1 b6 12. Rb1 Rd8 13. Bd5 Ba6 14. Re1 e6 15. Bb3 Bd3 16. Bc2 Bxe2 17. dxc5 Ba6 18. cxb6 Qc8 19. c4 Nd4 20. bxa7 Qxc4 0-1

[Event "Ostrava op"]
[Site "Ostrava"]
[Date "2009.05.09"]
[Round "8"]
[White "Pisa, Vladimir"]
[Black "Premus, Jan"]
[Result "0-1"]
[WhiteElo "1895"]
[BlackElo "1905"]
[PlyCount "54"]
[EventDate "2009.05.02"]
[EventType "swiss"]
[EventRounds "9"]
[EventCountry "CZE"]
[SourceTitle "EXT 2011"]
[Source "ChessBase"]
[SourceDate "2010.11.26"]
[SourceVersion "1"]
[SourceVersionDate "2010.11.26"]
[SourceQuality "1"]

1. e4 c5 2. Nf3 d6 3. d4 cxd4 4. Nxd4 Nf6 5. Nc3 g6 6. Be3 Bg7 7. f3 0-0 8. Bc4 Nc6 9. Qd2 Bd7 10. h4 h5 11. Bb3 Rc8 12. 0-0-0 Ne5 13. Bh6 Bxh6 14. Qxh6 Rxc3 15. bxc3 Qa5 16. Kb2 Rc8 17. Qe3 Qc7 18. Ra1 b5 19. a3 a5 20. Rhb1 e6 21. Kc1 d5 22. exd5 exd5 23. Kd2 Re8 24. Qf2 Neg4 25. Qg1 Qf4+ 26. Kd1 Ne3+ 27. Ke2 Nc4+ 0-1

[Event "Ostrava op"]
[Site "Ostrava"]
[Date "2009.05.08"]
[Round "7"]
[White "Premus, Jan"]
[Black "Blecha, Josef"]
[Result "1/2-1/2"]
[WhiteElo "1905"]
[BlackElo "1890"]
[PlyCount "21"]
[EventDate "2009.05.02"]
[EventType "swiss"]
[EventRounds "9"]
[EventCountry "CZE"]
[SourceTitle "EXT 2011"]
[Source "ChessBase"]
[SourceDate "2010.11.26"]
[SourceVersion "1"]
[SourceVersionDate "2010.11.26"]
[SourceQuality "1"]

1. e4 Nf6 2. e5 Nd5 3. c4 Nb6 4. c5 Nd5 5. Nc3 Nxc3 6. dxc3 Nc6 7. Nf3 e6 8. Be3 b6 9. Bb5 Bb7 10. cxb6 axb6 11. 0-0 1/2-1/2

[Event "Ostrava op"]
[Site "Ostrava"]
[Date "2009.05.07"]
[Round "6"]
[White "Kondula, Lukas"]
[Black "Premus, Jan"]
[Result "0-1"]
[WhiteElo "1905"]
[BlackElo "1905"]
[PlyCount "92"]
[EventDate "2009.05.02"]
[EventType "swiss"]
[EventRounds "9"]
[EventCountry "CZE"]
[SourceTitle "EXT 2011"]
[Source "ChessBase"]
[SourceDate "2010.11.26"]
[SourceVersion "1"]
[SourceVersionDate "2010.11.26"]
[SourceQuality "1"]

1. e4 c5 2. Nc3 Nc6 3. f4 d6 4. Nf3 Nf6 5. g3 g6 6. Bg2 Bg7 7. 0-0 0-0 8. d3 Bd7 9. h3 Rb8 10. Be3 b5 11. g4 b4 12. Ne2 Qc7 13. Ng3 a5 14. Qd2 e6 15. Rab1 Ne7 16. e5 Nfd5 17. exd6 Qxd6 18. Ne4 Qc7 19. Bxc5 f5 20. gxf5 exf5 21. Bxe7 Nxe7 22. Ng3 Be6 23. Rfe1 Bxa2 24. Ra1 Bd5 25. Ne5 Bxg2 26. Qxg2 Rfd8 27. Nf1 Rb5 28. Ne3 Bxe5 29. fxe5 Rxe5 30. Nc4 Rxe1+ 31. Rxe1 Nc6 32. Qf2 b3 33. cxb3 Rxd3 34. Re3 Qd8 35. h4 Rxb3 36. Rxb3 Qd1+ 37. Kg2 Qxb3 38. Qc5 Qc2+ 39. Kf1 Qb1+ 40. Kf2 Qe4 41. Ne3 Qxh4+ 42. Kf1 Qf4+ 43. Kg2 Qe4+ 44. Kh2 Qe5+ 45. Qxe5 Nxe5 46. Kg3 f4+ 0-1

[Event "Ostrava op"]
[Site "Ostrava"]
[Date "2009.05.03"]
[Round "2"]
[White "Bok, Tomas"]
[Black "Premus, Jan"]
[Result "0-1"]
[WhiteElo "1760"]
[BlackElo "1905"]
[PlyCount "62"]
[EventDate "2009.05.02"]
[EventType "swiss"]
[EventRounds "9"]
[EventCountry "CZE"]
[SourceTitle "EXT 2011"]
[Source "ChessBase"]
[SourceDate "2010.11.26"]
[SourceVersion "1"]
[SourceVersionDate "2010.11.26"]
[SourceQuality "1"]

1. d4 Nf6 2. Nf3 e6 3. c4 b6 4. Nc3 Bb4 5. Bg5 Bb7 6. a3 Bxc3+ 7. bxc3 0-0 8. e3 d6 9. Bd3 Nbd7 10. Qc2 h6 11. Bh4 e5 12. d5 Qe8 13. e4 Nh5 14. Bg3 Nc5 15. Nd2 Ba6 16. Be2 Nf6 17. f3 c6 18. Nb3 Nxb3 19. Qxb3 cxd5 20. cxd5 Bxe2 21. Kxe2 Rc8 22. Rhc1 Nh5 23. Rf1 f5 24. Rac1 Nxg3+ 25. hxg3 Qg6 26. exf5 Qxg3 27. Rf2 Rxf5 28. Qa4 e4 29. Qd7 Rcf8 30. Rcf1 Re5 31. f4 Qd3+ 0-1

[Event "Morava-ch U16"]
[Site "Havirov"]
[Date "2008.10.25"]
[Round "2"]
[White "Premus, Jan"]
[Black "Lapcik, Vaclav"]
[Result "0-1"]
[WhiteElo "1955"]
[BlackElo "1499"]
[PlyCount "33"]
[EventDate "2008.10.25"]
[EventType "swiss"]
[EventRounds "9"]
[EventCountry "CZE"]
[SourceTitle "EXT 2009"]
[Source "ChessBase"]
[SourceDate "2008.11.26"]
[SourceVersion "1"]
[SourceVersionDate "2008.11.26"]
[SourceQuality "1"]

1. e4 e5 2. Nf3 Nc6 3. Bb5 a6 4. Ba4 d6 5. d4 b5 6. Bb3 exd4 7. Nxd4 Nxd4 8. Qxd4 c5 9. Bxf7+ Kxf7 10. Qd3 Be6 11. Qf3+ Qf6 12. Qd1 Rd8 13. 0-0 d5 14. Nc3 dxe4 15. Qe2 Bc4 16. Qe1 Bxf1 17. Nxe4 0-1

[Event "Morava-ch U16"]
[Site "Havirov"]
[Date "2008.10.25"]
[Round "1"]
[White "Rysavy, Jindrich"]
[Black "Premus, Jan"]
[Result "1-0"]
[WhiteElo "1528"]
[BlackElo "1955"]
[PlyCount "55"]
[EventDate "2008.10.25"]
[EventType "swiss"]
[EventRounds "9"]
[EventCountry "CZE"]
[SourceTitle "EXT 2009"]
[Source "ChessBase"]
[SourceDate "2008.11.26"]
[SourceVersion "1"]
[SourceVersionDate "2008.11.26"]
[SourceQuality "1"]

1. e4 c5 2. Nf3 d6 3. d4 cxd4 4. Nxd4 Nf6 5. Nc3 g6 6. Be2 Bg7 7. Be3 0-0 8. f3 Nc6 9. Qd2 Bd7 10. 0-0-0 Qb8 11. g4 Rc8 12. g5 Ne8 13. h4 b5 14. Kb1 Nc7 15. h5 b4 16. Nd5 Nxd5 17. exd5 Nxd4 18. Bxd4 Bf5 19. Bd3 Bxd4 20. Bxf5 Bc3 21. Qd3 gxf5 22. Qxf5 Rf8 23. g6 fxg6 24. Qe6+ Rf7 25. hxg6 hxg6 26. Rdg1 Kf8 27. Rxg6 Qb5 28. Rh7 1-0

[Event "Moravia-Silesia Region-chT 0708"]
[Site "Czech Republic"]
[Date "2008.04.13"]
[Round "11.6"]
[White "Premus, Jan"]
[Black "Tchur, Pavel"]
[Result "1-0"]
[WhiteElo "1893"]
[BlackElo "1941"]
[PlyCount "113"]
[EventDate "2007.10.28"]
[EventType "team-tourn"]
[EventRounds "11"]
[EventCountry "CZE"]
[SourceTitle "EXT 2024"]
[Source "ChessBase"]
[SourceDate "2023.10.10"]
[SourceVersion "1"]
[SourceVersionDate "2023.10.10"]
[SourceQuality "1"]

1. e4 c5 2. Nc3 d6 3. f4 Nc6 4. Nf3 Bg4 5. Bb5 a6 6. Bxc6+ bxc6 7. h3 Bxf3 8. Qxf3 e6 9. 0-0 d5 10. d3 Nf6 11. f5 Bd6 12. Bg5 0-0 13. Rae1 Be5 14. Kh1 Qb8 15. Na4 Nd7 16. Be7 Re8 17. fxe6 Rxe7 18. exd7 Qd6 19. c3 Rd8 20. b4 dxe4 21. Rxe4 cxb4 22. cxb4 Rdxd7 23. Nc5 Ra7 24. Rfe1 Bd4 25. Qg4 Rxe4 26. Rxe4 f5 27. Rxd4 Qf6 28. Qf4 Re7 29. Qd6 Qg5 30. h4 Qc1+ 31. Kh2 Qe3 32. Qf4 Qe1 33. Rd8+ Re8 34. Rxe8+ Qxe8 35. Qc4+ Kh8 36. Qe6 Qb8+ 37. Kh3 h6 38. Qxf5 Qxb4 39. Qf8+ Kh7 40. Qf5+ Kh8 41. Ne6 Qc3 42. Qf8+ Kh7 43. Qxg7+ Qxg7 44. Nxg7 Kxg7 45. g4 Kf6 46. Kg3 Ke5 47. Kf3 a5 48. Ke3 c5 49. a4 Kd5 50. g5 hxg5 51. hxg5 Ke5 52. g6 Kf6 53. Ke4 Kxg6 54. Kd5 Kf7 55. Kxc5 Ke6 56. d4 Kd7 57. Kd5 1-0

[Event "Moravia-Silesia Region-chT 0708"]
[Site "Czech Republic"]
[Date "2008.02.24"]
[Round "8.8"]
[White "Stracanek, Jaroslav"]
[Black "Premus, Jan"]
[Result "1/2-1/2"]
[WhiteElo "1799"]
[BlackElo "1893"]
[PlyCount "132"]
[EventDate "2007.10.28"]
[EventType "team-tourn"]
[EventRounds "11"]
[EventCountry "CZE"]
[SourceTitle "EXT 2024"]
[Source "ChessBase"]
[SourceDate "2023.10.10"]
[SourceVersion "1"]
[SourceVersionDate "2023.10.10"]
[SourceQuality "1"]

1. c4 Nf6 2. Nc3 e6 3. g3 d5 4. cxd5 exd5 5. d4 Bd6 6. Bg2 c6 7. Nf3 Bf5 8. Bg5 Nbd7 9. 0-0 h6 10. Bc1 0-0 11. Re1 Ne4 12. Nd2 Re8 13. f3 Nxg3 14. hxg3 Bxg3 15. Nf1 Bxe1 16. Qxe1 Nf6 17. Bf4 Nh5 18. Bh2 Qg5 19. Qd2 Rad8 20. Qxg5 hxg5 21. Ng3 Bg6 22. Nxh5 Bxh5 23. Kf2 g4 24. Rg1 gxf3 25. Bxf3 Bxf3 26. Kxf3 Re6 27. Be5 f6 28. Bf4 Kf7 29. Rh1 Rde8 30. Bd2 R6e7 31. Rh2 g5 32. Rh7+ Kg6 33. Rxe7 Rxe7 34. e4 dxe4+ 35. Nxe4 g4+ 36. Kf4 f5 37. Ng3 Rd7 38. Bc3 a5 39. a3 b5 40. Ne2 a4 41. Bb4 Rh7 42. Bd6 Rh2 43. Ke3 Rh1 44. Nf4+ Kg5 45. Be7+ Kh6 46. Bf8+ Kh7 47. Bb4 Rf1 48. Bd2 Kg8 49. Ke2 Rh1 50. Kf2 Kf7 51. Kg2 Rh8 52. Bc3 Re8 53. Kf2 Re4 54. Nd3 Ke6 55. Nc5+ Kd5 56. Nxe4 Kxe4 57. Kg3 Ke3 58. Bb4 f4+ 59. Kxg4 f3 60. Bc5 Ke2 61. d5 cxd5 62. Kg3 f2 63. Bxf2 Kd3 64. Kf3 d4 65. Bg1 Kc4 66. Ke2 b4 1/2-1/2

[Event "Moravia-Silesia Region-chT 0708"]
[Site "Czech Republic"]
[Date "2008.??.??"]
[Round "5.6"]
[White "Premus, Jan"]
[Black "Melecky, Jaroslav"]
[Result "0-1"]
[WhiteElo "1893"]
[BlackElo "2059"]
[PlyCount "52"]
[EventDate "2007.10.28"]
[EventType "team-tourn"]
[EventRounds "11"]
[EventCountry "CZE"]
[SourceTitle "EXT 2024"]
[Source "ChessBase"]
[SourceDate "2023.10.10"]
[SourceVersion "1"]
[SourceVersionDate "2023.10.10"]
[SourceQuality "1"]

1. e4 d5 2. exd5 Nf6 3. d4 Nxd5 4. c4 Nb6 5. Nc3 c6 6. Be2 g6 7. h3 Bg7 8. Nf3 0-0 9. 0-0 N8d7 10. a4 a5 11. Be3 Nf6 12. Qb3 Nbd7 13. d5 Qc7 14. Nd4 Nc5 15. Qa3 Na6 16. dxc6 bxc6 17. Nxc6 Qxc6 18. Bf3 Qxc4 19. Bxa8 Bxh3 20. Bb7 Be6 21. Bxa6 Qxa6 22. Qxe7 Ng4 23. Bc5 Rc8 24. Qa7 Qc4 25. Bb6 Qf4 26. Rfd1 Bc4 0-1

[Event "Moravia-Silesia Region-chT 0708"]
[Site "Czech Republic"]
[Date "2007.11.11"]
[Round "2.8"]
[White "Premus, Jan"]
[Black "Bystron, Ladislav"]
[Result "1/2-1/2"]
[WhiteElo "1893"]
[BlackElo "1745"]
[PlyCount "142"]
[EventDate "2007.10.28"]
[EventType "team-tourn"]
[EventRounds "11"]
[EventCountry "CZE"]
[SourceTitle "EXT 2024"]
[Source "ChessBase"]
[SourceDate "2023.10.10"]
[SourceVersion "1"]
[SourceVersionDate "2023.10.10"]
[SourceQuality "1"]

1. e4 e5 2. Nf3 Nc6 3. Bb5 d6 4. c3 Bd7 5. d4 exd4 6. cxd4 Be7 7. Nc3 Na5 8. Bxd7+ Qxd7 9. 0-0 Nf6 10. e5 dxe5 11. Nxe5 Qd8 12. Qa4+ c6 13. d5 b5 14. Nxb5 cxb5 15. Qxb5+ Kf8 16. Bd2 Qxd5 17. Qxd5 Nxd5 18. Bxa5 f6 19. Nc6 Bc5 20. Rac1 Bb6 21. Bxb6 Nxb6 22. Rfd1 Kf7 23. g3 g5 24. Rd2 Rhe8 25. Nd4 Kg6 26. Nb5 Re7 27. Rc6 Nc8 28. Rd8 Nb6 29. Rxa8 Nxa8 30. Kf1 Rb7 31. a4 Nb6 32. Nc3 Nd7 33. Nb5 Nb6 34. b3 Nd7 35. Rc7 Rxc7 36. Nxc7 Nc5 37. Nb5 Nxb3 38. Nxa7 Na5 39. Nb5 Kf5 40. h3 h5 41. Ke2 Ke5 42. Kd3 g4 43. h4 f5 44. Nc7 f4 45. Ne8 f3 46. Ng7 Nb3 47. Nxh5 Nc5+ 48. Kd2 Nxa4 49. Ng7 Kf6 50. Nh5+ Kf5 51. Nf4 Nc5 52. Nd5 Ne4+ 53. Ke3 Nc5 54. Ne7+ Kf6 55. Kf4 Nd3+ 56. Kxg4 Nxf2+ 57. Kxf3 Nd3 58. Nd5+ Kg7 59. g4 Ne5+ 60. Kf4 Ng6+ 61. Kg5 Ne5 62. h5 Nf7+ 63. Kh4 Kh6 64. Ne7 Kh7 65. g5 Nd6 66. g6+ Kg7 67. Kg4 Ne4 68. Nf5+ Kh8 69. g7+ Kh7 70. h6 Nf6+ 71. Kf4 Ng8 1/2-1/2

[Event "Morava-ch U16"]
[Site "Havlickuv Brod"]
[Date "2007.10.24"]
[Round "2"]
[White "Snevajs, Herman"]
[Black "Premus, Jan"]
[Result "1-0"]
[WhiteElo "2012"]
[BlackElo "1893"]
[PlyCount "71"]
[EventDate "2007.10.24"]
[EventType "swiss"]
[EventRounds "9"]
[EventCountry "CZE"]
[SourceTitle "EXT 2022"]
[Source "ChessBase"]
[SourceDate "2021.10.06"]
[SourceVersion "1"]
[SourceVersionDate "2021.10.06"]
[SourceQuality "1"]

1. e4 c5 2. Nf3 Nc6 3. d4 cxd4 4. Nxd4 g6 5. Nc3 Bg7 6. Be3 Nf6 7. Bc4 0-0 8. Bb3 a5 9. f3 d5 10. Nxd5 Nxd5 11. Bxd5 Nxd4 12. Bxd4 Bxd4 13. Qxd4 e6 14. c4 exd5 15. cxd5 Qd6 16. 0-0 Re8 17. Rac1 Bd7 18. Rc3 Rac8 19. Rfc1 Qb4 20. Qxb4 axb4 21. Rxc8 Rxc8 22. Rxc8+ Bxc8 23. b3 Kf8 24. Kf2 Ke7 25. Ke3 Kd6 26. Kd4 f6 27. Kc4 Ke5 28. Kb5 f5 29. Kb6 fxe4 30. fxe4 Kxe4 31. d6 Kd5 32. Kc7 b5 33. Kxc8 Kxd6 34. a4 Kc5 35. axb5 Kxb5 36. Kd7 1-0

[Event "CZE-ch U14"]
[Site "Sec u Chrudimi"]
[Date "2007.03.13"]
[Round "5"]
[White "Kozel, Jan"]
[Black "Premus, Jan"]
[Result "1/2-1/2"]
[WhiteElo "1771"]
[BlackElo "1250"]
[PlyCount "80"]
[EventDate "2007.03.10"]
[EventType "swiss"]
[EventRounds "9"]
[EventCountry "CZE"]
[SourceTitle "EXT 2008"]
[Source "ChessBase"]
[SourceDate "2007.11.25"]
[SourceVersion "1"]
[SourceVersionDate "2007.11.25"]
[SourceQuality "1"]

1. e4 e6 2. d4 d5 3. exd5 exd5 4. Qf3 Bd6 5. Bd3 Nf6 6. h3 h6 7. Ne2 Nc6 8. c3 Qe7 9. 0-0 Be6 10. Bf4 0-0-0 11. Bxd6 Qxd6 12. Nd2 Kb8 13. a4 b6 14. b4 Bc8 15. a5 g5 16. axb6 cxb6 17. Qg3 Qxg3 18. Nxg3 g4 19. h4 Rd7 20. Rfe1 Re8 21. Nf5 h5 22. g3 Rdd8 23. Kf1 Rxe1+ 24. Rxe1 Re8 25. Rxe8 Nxe8 26. Ke2 Kc7 27. Ke3 a5 28. b5 Na7 29. Kf4 a4 30. Nb1 Bxf5 31. Kxf5 Nxb5 32. Bxb5 Nd6+ 33. Kg5 Nxb5 34. Kxh5 Kd7 35. Kh6 a3 36. Nxa3 Nxa3 37. h5 Ke7 38. Kg7 Nc4 39. h6 Nd6 40. h7 Nf5+ 1/2-1/2